LEADER 01186nam a2200289 u 4500 001 000000065553 003 CaOOAMICUS 005 20070226121458.0 008 011210s1994 fr u000 u fre u 020 $a2204049093 035 $a10913422 040 $aPUL$bita 100 1 $aFruchon, Pierre.$0(OLS)http://pul/name/40150 245 12$aL'herméneutique de Gadamer :$bplatonisme et modernité /$cPierre Fruchon. 260 $aParis :$bCerf,$c1994. 300 $a534 p. ;$c22 cm 490 1 $aCogitatio fidei ;$v182 504 $aBibliografia in nota. 600 14$aGadamer, Hans Georg,$d1900-2002.$0(OLS)http://pul/subject/18921 650 4$aErmeneutica.$0(OLS)http://pul/subject/438 830 0$aCogitatio fidei ;$v182.$0(OLS)http://pul/title/876 850 $aPUL 852 $aPUL$W1$xSL Religione 2$y84$mTheol A13 182$j84852$nBK-PRI$b $qStampati altre collocazioni$B84852$CPULBib$Z2$F84852 $H $81 941 1 $a10 996 $6020$a2204049093$9(OLS)http://pul/number/85010 996 $6245$aL'herméneutique de Gadamer :$bplatonisme et modernité$9(OLS)http://pul/title/87174 996 $6260$aParis :$bCerf$9(OLS)http://pul/publisher/48238 LEADER 01507nam a2200277 a 4500 001 000000151679 003 CaOOAMICUS 005 20160512132526.0 008 160512s2016 it frm z000 0 spa r 032 $aLibriCat 040 $aPUL$bita 100 1 $aSalas Castañeda, José Nahum.$0(OLS)http://pul/name/96538 245 13$aLa relevancia del derecho internacional en la libertad religiosa de América latina:$bel desafío de una nueva laicidad en el marco histórico, filosófico y jurídico /$cJosé Nahum Jairo Salas Castañeda. 260 $aRoma :$b[s.n.],$c2016. 300 $a167 p.;$c24 cm 502 $aEstratto da Tesi di Dottorato-- Pontificia Universitas Lateranensis--Facoltà di Diritto Canonico--Roma, 2016. 504 $aBibliografia: p. [149]-164. 650 4$aLibertà religiosa$zAlbania.$0(OLS)http://pul/subject/34563 650 4$aLibertà religiosa$xDiritto internazionale.$0(OLS)http://pul/subject/42714 710 2 $aPontificia Università Lateranense.$bFacoltà di diritto canonico.$kTesi.$0(OLS)http://pul/name/81682 850 $aPUL 852 $aPUL$W1$xDP1 Tesi Pon Univ. Lateranense$y41$m2016 C 9$j174311$qTesi$B176887$CPULBib$Z2$F176887 $82 941 1 $a16 996 $6245$aLa relevancia del derecho internacional en la libertad religiosa de América latina:$bel desafío de una nueva laicidad en el marco histórico, filosófico y jurídico$9(OLS)http://pul/title/190964 996 $6260$aRoma :$b[s.n.]$9(OLS)http://pul/publisher/47958